[Event "SVR op"]
[Site "Lahnstein"]
[Date "2019.04.20"]
[Round "7"]
[White "Bast, Patrick"]
[Black "Pikatz, Frank"]
[Result "0-1"]
[WhiteElo "1407"]
[BlackElo "1708"]
[PlyCount "54"]
[EventDate "2019.04.13"]
[EventType "swiss"]
[EventRounds "7"]
[EventCountry "GER"]
[SourceTitle "EXT 2021"]
[Source "ChessBase"]
[SourceDate "2020.10.23"]
[SourceVersion "1"]
[SourceVersionDate "2020.10.23"]
[SourceQuality "1"]

1. e4 e6 2. Nf3 d5 3. e5 c5 4. d4 Nc6 5. c3 Qb6 6. Be2 cxd4 7. cxd4 Nge7 8. a4 a6 9. a5 Nxa5 10. Qa4+ Nac6 11. Bd2 Bd7 12. Bb5 Rc8 13. Bxc6 Nxc6 14. 0-0 Nxe5 15. Qd1 Nxf3+ 16. Qxf3 Qxd4 17. Nc3 Qxd2 18. Nxd5 Qxd5 19. Qg3 Qd6 20. Qb3 Bc6 21. Rfd1 Bd5 22. Qe3 Be7 23. g3 0-0 24. h4 Bf6 25. Rd2 Qe5 26. Qb6 Qe4 27. f3 Qxf3 0-1

[Event "SVR op"]
[Site "Lahnstein"]
[Date "2019.04.19"]
[Round "6"]
[White "Klemens, Martina"]
[Black "Bast, Patrick"]
[Result "1/2-1/2"]
[WhiteElo "1529"]
[BlackElo "1407"]
[PlyCount "55"]
[EventDate "2019.04.13"]
[EventType "swiss"]
[EventRounds "7"]
[EventCountry "GER"]
[SourceTitle "EXT 2021"]
[Source "ChessBase"]
[SourceDate "2020.10.23"]
[SourceVersion "1"]
[SourceVersionDate "2020.10.23"]
[SourceQuality "1"]

1. d4 Nf6 2. c4 e5 3. dxe5 Ng4 4. Nc3 Bc5 5. e3 Nc6 6. Nf3 Ngxe5 7. b3 Bb4 8. Bd2 d6 9. a3 Bxc3 10. Bxc3 Qf6 11. Rc1 Bg4 12. Be2 Qf5 13. Nxe5 Bxe2 14. Qxe2 Nxe5 15. e4 Qg5 16. 0-0 0-0 17. f4 Qg4 18. Qe3 Ng6 19. Rf3 Rae8 20. Rcf1 Qe6 21. f5 Qxe4 22. Qxe4 Rxe4 23. fxg6 hxg6 24. Rf4 Re3 25. R4f3 Re4 26. Be1 f5 27. Bd2 Rfe8 28. h3 1/2-1/2

[Event "SVR op"]
[Site "Lahnstein"]
[Date "2019.04.14"]
[Round "4"]
[White "Kiefer, Tim"]
[Black "Bast, Patrick"]
[Result "0-1"]
[WhiteElo "1195"]
[BlackElo "1407"]
[PlyCount "66"]
[EventDate "2019.04.13"]
[EventType "swiss"]
[EventRounds "7"]
[EventCountry "GER"]
[SourceTitle "EXT 2021"]
[Source "ChessBase"]
[SourceDate "2020.10.23"]
[SourceVersion "1"]
[SourceVersionDate "2020.10.23"]
[SourceQuality "1"]

1. c4 Nf6 2. Nc3 e5 3. g3 c6 4. Bg2 Bc5 5. e3 d5 6. cxd5 cxd5 7. Nge2 Nc6 8. d4 exd4 9. exd4 Bb4 10. a3 Bxc3+ 11. Nxc3 0-0 12. 0-0 a6 13. Bg5 Be6 14. Bxf6 Qxf6 15. Nxd5 Bxd5 16. Bxd5 Nxd4 17. Bxb7 Rad8 18. Bg2 Rfe8 19. Qa4 Re6 20. Rfe1 Ne2+ 21. Kh1 h6 22. b4 Rde8 23. Rf1 Nc3 24. Qc2 Re2 25. Qd3 Rd8 26. Qc4 Rdd2 27. Rae1 Rxe1 28. Rxe1 Qxf2 29. Re8+ Kh7 30. Qf1 Rd1 31. Be4+ g6 32. Bg2 Rxf1+ 33. Bxf1 Qxf1# 0-1

[Event "SVR op"]
[Site "Nickenich"]
[Date "2015.03.28"]
[Round "1"]
[White "Stein, Dirk"]
[Black "Bast, Patrick"]
[Result "1-0"]
[WhiteElo "1664"]
[BlackElo "1201"]
[PlyCount "47"]
[EventDate "2015.03.28"]
[EventType "swiss"]
[EventRounds "7"]
[EventCountry "GER"]
[SourceTitle "EXT 2016"]
[Source "ChessBase"]
[SourceDate "2015.10.08"]
[SourceVersion "1"]
[SourceVersionDate "2015.10.08"]
[SourceQuality "1"]

1. e4 c5 2. Nf3 Nc6 3. d4 cxd4 4. c3 e5 5. Bc4 Nf6 6. 0-0 d5 7. exd5 Nxd5 8. Re1 f6 9. cxd4 Bb4 10. Bd2 0-0 11. Bxb4 Ncxb4 12. Nc3 Kh8 13. Nxd5 Nxd5 14. dxe5 Nb6 15. e6 Qxd1 16. Raxd1 Nxc4 17. e7 Re8 18. Rd8 Bd7 19. Rxd7 Nxb2 20. Nd4 Rac8 21. Nb5 Nc4 22. Nc7 Ne5 23. Nxe8 Nxd7 24. Nd6 1-0

[Event "SVR-op 35th"]
[Site "Nickenich"]
[Date "2012.03.31"]
[Round "1"]
[White "Bast, Patrick"]
[Black "Schlich, Mara"]
[Result "0-1"]
[WhiteElo "1030"]
[BlackElo "1669"]
[PlyCount "62"]
[EventDate "2012.03.30"]
[EventType "swiss"]
[EventRounds "7"]
[EventCountry "GER"]
[SourceTitle "EXT 2013"]
[Source "ChessBase"]
[SourceDate "2012.11.22"]
[SourceVersion "1"]
[SourceVersionDate "2012.11.22"]
[SourceQuality "1"]

1. e4 e6 2. d4 d5 3. e5 c5 4. c3 Nc6 5. Nf3 Qb6 6. Be2 Nge7 7. Na3 Nf5 8. Nc2 cxd4 9. Ncxd4 Bc5 10. 0-0 Nfxd4 11. cxd4 Nxd4 12. Nxd4 Bxd4 13. Be3 Bxe3 14. fxe3 Qxe3+ 15. Rf2 0-0 16. Qc2 Qxe5 17. Raf1 Bd7 18. a4 Rac8 19. Qb3 Rc7 20. Bd3 g6 21. Qb4 Qg7 22. Qd6 Rfc8 23. Rxf7 Qd4+ 24. Kh1 Rc1 25. Qxd7 Rxf1+ 26. Bxf1 Qe5 27. Rxh7 Rf8 28. Rf7 Rxf7 29. Qe8+ Kg7 30. Qb5 Qe1 31. Kg1 Qf2+ 0-1

[Event "SVR-op 35th"]
[Site "Nickenich"]
[Date "2012.03.31"]
[Round "2"]
[White "Van Leyen, Peter"]
[Black "Bast, Patrick"]
[Result "1-0"]
[WhiteElo "1754"]
[BlackElo "1030"]
[PlyCount "53"]
[EventDate "2012.03.30"]
[EventType "swiss"]
[EventRounds "7"]
[EventCountry "GER"]
[SourceTitle "EXT 2013"]
[Source "ChessBase"]
[SourceDate "2012.11.22"]
[SourceVersion "1"]
[SourceVersionDate "2012.11.22"]
[SourceQuality "1"]

1. Nf3 c5 2. g3 Nc6 3. Bg2 d5 4. d3 e5 5. b3 Be6 6. Bb2 Bd6 7. 0-0 Nf6 8. Nbd2 Ng4 9. c4 f5 10. Nh4 f4 11. cxd5 fxg3 12. hxg3 e4 13. dxc6 Bxg3 14. fxg3 Ne3 15. Qc1 Nxf1 16. Nxf1 Rg8 17. Bxe4 b6 18. c7 Qxc7 19. Bxa8 Bh3 20. Qe3+ Kd7 21. Bd5 Re8 22. Qf3 c4 23. Bxc4 Qc5+ 24. d4 Qd6 25. Bb5+ Kd8 26. Qa8+ Kc7 27. Rc1+ 1-0